[Event "TUR-chT"]
[Site "Kocaeli"]
[Date "2008.07.01"]
[Round "14"]
[White "Ipek, Ali"]
[Black "Erdogan, Hakan"]
[Result "0-1"]
[WhiteElo "2197"]
[BlackElo "2282"]
[PlyCount "80"]
[EventDate "2008.06.24"]
[EventType "team"]
[EventRounds "15"]
[EventCountry "TUR"]
[SourceTitle "CBM 125 Extra"]
[Source "ChessBase"]
[SourceDate "2008.09.01"]
[SourceVersion "1"]
[SourceVersionDate "2008.09.01"]
[SourceQuality "1"]

1. d4 Nf6 2. Nf3 c5 3. d5 e6 4. c4 exd5 5. cxd5 d6 6. Nc3 g6 7. e4 Bg7 8. Bd3 0-0 9. 0-0 a6 10. a4 Bg4 11. h3 Bxf3 12. Qxf3 Nbd7 13. Qe2 Qc7 14. Bg5 h6 15. Be3 Rae8 16. g4 Ne5 17. Bc2 g5 18. f4 gxf4 19. Rxf4 Ng6 20. Rf2 Nh7 21. Raf1 Ng5 22. Rh2 Nh4 23. Bf4 Qb6 24. Bb1 Bxc3 25. bxc3 Nhf3+ 26. Kh1 Nxh2 27. Kxh2 f6 28. h4 Nf7 29. Be3 Kg7 30. Qf2 Qd8 31. e5 Rxe5 32. Qc2 f5 33. Bf2 Rfe8 34. gxf5 Re2 35. f6+ Qxf6 36. Qh7+ Kf8 37. Bf5 Qxh4+ 38. Kg2 Qg5+ 39. Kh2 R8e3 40. Qg6 Rf3 0-1

[Event "TUR-chT"]
[Site "Kocaeli"]
[Date "2008.06.26"]
[Round "5"]
[White "Ipek, Ali"]
[Black "Ozkan, Ervin"]
[Result "1-0"]
[WhiteElo "2197"]
[BlackElo "2237"]
[PlyCount "61"]
[EventDate "2008.06.24"]
[EventType "team"]
[EventRounds "15"]
[EventCountry "TUR"]
[SourceTitle "CBM 125 Extra"]
[Source "ChessBase"]
[SourceDate "2008.09.01"]
[SourceVersion "1"]
[SourceVersionDate "2008.09.01"]
[SourceQuality "1"]

1. d4 d5 2. Nf3 Nf6 3. Bg5 e6 4. Nbd2 Be7 5. e3 c5 6. c3 Nc6 7. Bd3 Qb6 8. Rb1 Bd7 9. 0-0 0-0 10. Ne5 Qd8 11. f4 h6 12. Bxf6 Bxf6 13. Qe2 Bxe5 14. fxe5 f5 15. exf6 Rxf6 16. Rxf6 Qxf6 17. Rf1 Qe7 18. Qf3 Rd8 19. h4 Be8 20. h5 Rd7 21. Qg4 e5 22. Bf5 Rd6 23. dxc5 Rf6 24. c4 Bf7 25. cxd5 Bxd5 26. b4 Bxa2 27. Ne4 Rf7 28. Qg6 Kf8 29. Qh7 Qh4 30. Qh8+ Ke7 31. Nd6 1-0

[Event "EU-Cup 20th"]
[Site "Izmir"]
[Date "2004.10.06"]
[Round "4.4"]
[White "Ipek, Ali"]
[Black "Makolli, Perparim"]
[Result "1-0"]
[WhiteElo "2213"]
[BlackElo "2204"]
[PlyCount "85"]
[EventDate "2004.10.03"]
[EventType "team-swiss"]
[EventRounds "7"]
[EventCountry "TUR"]
[SourceTitle "CBM 104"]
[Source "ChessBase"]
[SourceDate "2005.01.27"]
[SourceVersion "1"]
[SourceVersionDate "2005.01.27"]
[SourceQuality "1"]
[WhiteTeam "Ankara"]
[BlackTeam "Pristina"]
[WhiteTeamCountry "TUR"]
[BlackTeamCountry "YUG"]

1. d4 Nf6 2. Nf3 e6 3. Bg5 d5 4. Nbd2 Be7 5. e3 h6 6. Bh4 Nbd7 7. Bd3 0-0 8. 0-0 c5 9. c3 b6 10. Qb1 Bb7 11. b4 cxb4 12. cxb4 Bd6 13. Bg3 Bxg3 14. hxg3 Qe7 15. Rc1 Rfc8 16. Qb2 Ne8 17. b5 f6 18. a4 Nd6 19. Qa3 Qf8 20. a5 Ne4 21. Qb2 Rxc1+ 22. Rxc1 Nxd2 23. Qxd2 Rc8 24. a6 Ba8 25. Rc2 Rxc2 26. Qxc2 Qb8 27. Nh4 Kf7 28. Bg6+ Ke7 29. Bh5 Nf8 30. Ng6+ Kd7 31. Nf4 Qd6 32. Bg4 Kd8 33. Be2 Qc7 34. Qb2 e5 35. Nd3 exd4 36. exd4 Ne6 37. Bg4 Ng5 38. Nf4 Qc4 39. Nh5 Ne4 40. Nxg7 Nc3 41. Ne6+ Kd7 42. Qa3 h5 43. Nf8+ 1-0

[Event "EU-Cup 20th"]
[Site "Izmir"]
[Date "2004.10.05"]
[Round "3.4"]
[White "Mendelson, Andrew"]
[Black "Ipek, Ali"]
[Result "1-0"]
[WhiteElo "2075"]
[BlackElo "2213"]
[PlyCount "167"]
[EventDate "2004.10.03"]
[EventType "team-swiss"]
[EventRounds "7"]
[EventCountry "TUR"]
[SourceTitle "CBM 104"]
[Source "ChessBase"]
[SourceDate "2005.01.27"]
[SourceVersion "1"]
[SourceVersionDate "2005.01.27"]
[SourceQuality "1"]
[WhiteTeam "Dublin"]
[BlackTeam "Ankara"]
[WhiteTeamCountry "IRL"]
[BlackTeamCountry "TUR"]

1. d4 d5 2. c4 c6 3. Nf3 Nf6 4. Qb3 dxc4 5. Qxc4 Be6 6. Qc2 g6 7. Nc3 Bg7 8. g3 Na6 9. Bg2 Nb4 10. Qa4 a5 11. a3 Ra6 12. Qd1 Nbd5 13. 0-0 0-0 14. Re1 Nxc3 15. bxc3 Bd5 16. Nd2 Bxg2 17. Kxg2 c5 18. e3 Nd5 19. Bb2 cxd4 20. cxd4 a4 21. Qe2 Rc6 22. Rac1 Qd7 23. Rxc6 Qxc6 24. e4 Nf6 25. d5 Qd7 26. Nc4 Qb5 27. Ne5 Qxe2 28. Rxe2 Rc8 29. Nd3 h5 30. f3 Nd7 31. Bxg7 Kxg7 32. Rb2 b6 33. Rb4 Rc7 34. Kg1 Rc3 35. Nb2 Rxf3 36. Nxa4 Rxa3 37. Nxb6 Ne5 38. Nc4 Ra1+ 39. Kg2 Ng4 40. h3 Nf6 41. Ne3 Ra2+ 42. Kf1 Ra7 43. Rd4 Nd7 44. Rb4 Ne5 45. Nc4 Nd3 46. Rb1 Ra4 47. Nd2 Ra2 48. Ke2 Nc5 49. Ke3 Ra3+ 50. Kd4 Nd7 51. Rb3 Ra1 52. Rb7 Nf6 53. Rxe7 Rd1 54. Ke3 Re1+ 55. Kf2 Nxd5 56. Rxf7+ Kxf7 57. Kxe1 Nc3 58. Kf2 Ke6 59. Ke3 g5 60. Nf3 Kf6 61. g4 hxg4 62. hxg4 Nd1+ 63. Ke2 Nc3+ 64. Kd3 Nb5 65. Kc4 Nd6+ 66. Kd5 Nf7 67. e5+ Ke7 68. Kd4 Nh6 69. Nh2 Nf7 70. Ke4 Nh6 71. Kd5 Nf7 72. Nf1 Nh6 73. Ne3 Kd7 74. e6+ Ke8 75. Ke5 Ng8 76. Kf5 Ne7+ 77. Kxg5 Nc6 78. Kf6 Ne7 79. Kg7 Nc6 80. Nf5 Ne5 81. g5 Nd3 82. g6 Nf4 83. Kf6 Nd5+ 84. Ke5 1-0

[Event "EU-Cup 19th"]
[Site "Rethymno"]
[Date "2003.10.01"]
[Round "4.3"]
[White "Ipek, Ali"]
[Black "Mastrokoukos, Georgios"]
[Result "0-1"]
[WhiteElo "2232"]
[BlackElo "2363"]
[PlyCount "188"]
[EventDate "2003.09.28"]
[EventType "team-swiss"]
[EventRounds "7"]
[EventCountry "GRE"]
[SourceTitle "CBM 098"]
[Source "ChessBase"]
[SourceDate "2004.02.03"]
[SourceVersion "1"]
[SourceVersionDate "2004.02.03"]
[SourceQuality "1"]
[WhiteTeam "Ankara Kolejiler"]
[BlackTeam "Heraklion OAA"]
[WhiteTeamCountry "TUR"]
[BlackTeamCountry "GRE"]

1. d4 Nf6 2. Nf3 c5 3. d5 g6 4. c4 b5 5. cxb5 a6 6. b6 Qxb6 7. Nc3 Bg7 8. e4 0-0 9. Be2 a5 10. 0-0 d6 11. Nd2 Ba6 12. Nc4 Bxc4 13. Bxc4 a4 14. a3 Qa5 15. Qe2 Nfd7 16. Bd2 Qc7 17. Bb5 Nb6 18. Qd1 N8d7 19. Rb1 Rfb8 20. Qc2 Ra7 21. Bc6 Qc8 22. Nxa4 Ne5 23. Nxb6 Rxb6 24. Ba4 Qa6 25. b3 Qe2 26. Rbe1 Qd3 27. Qd1 Qa6 28. Qc2 Nd3 29. Rb1 Nb2 30. Bc3 Nxa4 31. bxa4 Rxb1 32. Rxb1 Ra8 33. Bxg7 Kxg7 34. Qc3+ f6 35. Qh3 Qxa4 36. Qe6 Ra7 37. g3 Qd7 38. Qxd7 Rxd7 39. a4 Ra7 40. Ra1 Ra5 41. f3 Kf7 42. Kf2 Ke8 43. Ke3 Kd7 44. Kd3 Kc7 45. Kc4 Ra8 46. h4 Rb8 47. g4 Rb4+ 48. Kd3 Kb6 49. f4 Ka5 50. f5 gxf5 51. gxf5 Rb3+ 52. Kd2 Rh3 53. Rg1 Rxh4 54. Kd3 Rh3+ 55. Kd2 Kxa4 56. Rg7 Kb4 57. Rxe7 Kc4 58. Re6 Kd4 59. Rxf6 Rh2+ 60. Ke1 Ke3 61. Kf1 Rf2+ 62. Kg1 Rf4 63. Rxd6 Kxe4 64. Rd8 Rxf5 65. d6 Kd5 66. Kg2 Rf7 67. Kg3 Kc6 68. Kg4 Rd7 69. Rc8+ Kxd6 70. Kf4 Re7 71. Rd8+ Kc6 72. Rd1 c4 73. Rc1 Kc5 74. Kf3 Kd4 75. Kf2 Kd3 76. Rd1+ Kc2 77. Rd5 c3 78. Rb5 Kc1 79. Kf3 c2 80. Kf2 Re4 81. Kf3 Kd2 82. Rd5+ Ke1 83. Kxe4 c1Q 84. Rf5 Qc4+ 85. Kf3 h5 86. Rf4 Qe2+ 87. Kg3 Qe3+ 88. Rf3 h4+ 89. Kg4 Qe2 90. Kf4 Qh2+ 91. Kg4 Qg2+ 92. Kf4 h3 93. Re3+ Kf2 94. Ra3 h2 0-1

[Event "EU-ch 4th"]
[Site "Istanbul"]
[Date "2003.06.10"]
[Round "10"]
[White "Oney, Adil Feridun"]
[Black "Ipek, Ali"]
[Result "1/2-1/2"]
[WhiteElo "2251"]
[BlackElo "2254"]
[PlyCount "113"]
[EventDate "2003.05.30"]
[EventType "swiss"]
[EventRounds "13"]
[EventCountry "TUR"]
[SourceTitle "CBM 096"]
[Source "ChessBase"]
[SourceDate "2003.09.25"]
[SourceVersion "1"]
[SourceVersionDate "2003.09.25"]
[SourceQuality "1"]

1. d4 d5 2. c4 e6 3. Nc3 Nf6 4. Nf3 c6 5. cxd5 exd5 6. Qc2 Be7 7. Bf4 0-0 8. e3 h6 9. h3 Be6 10. Bd3 Nbd7 11. 0-0-0 b5 12. Kb1 Qa5 13. Nd2 Ne4 14. Bxe4 dxe4 15. d5 cxd5 16. Nb3 Qb6 17. Nxd5 Bxd5 18. Rxd5 Nf6 19. Rdd1 Rac8 20. Qe2 Rc4 21. g4 Rfc8 22. Nd4 Bf8 23. Nb3 a5 24. Be5 a4 25. Bxf6 axb3 26. Bd4 bxa2+ 27. Ka1 Qe6 28. g5 hxg5 29. Qh5 b4 30. Qxg5 b3 31. Qb5 Rc2 32. Rhg1 Rxf2 33. h4 Rfc2 34. h5 Kh7 35. Qb7 R2c7 36. Qb5 f6 37. Bc3 Rc5 38. Qb7 R8c7 39. Qb8 Bd6 40. h6 g5 41. Qd8 Rd7 42. Qb6 Qe7 43. Qxb3 Be5 44. Qa4 Rcc7 45. Qxe4+ Kh8 46. h7 Rxd1+ 47. Rxd1 Bxc3 48. Qa8+ Kxh7 49. bxc3 Qxe3 50. Rh1+ Kg6 51. Qg8+ Rg7 52. Qc4 Qf3 53. Rf1 Qe3 54. Rh1 Qf3 55. Rf1 Qe3 56. Rh1 Qf3 57. Rf1 1/2-1/2

[Event "EU-ch 4th"]
[Site "Istanbul"]
[Date "2003.06.02"]
[Round "4"]
[White "Wells, Peter K"]
[Black "Ipek, Ali"]
[Result "1-0"]
[WhiteElo "2487"]
[BlackElo "2254"]
[PlyCount "69"]
[EventDate "2003.05.30"]
[EventType "swiss"]
[EventRounds "13"]
[EventCountry "TUR"]
[SourceTitle "CBM 096"]
[Source "ChessBase"]
[SourceDate "2003.09.25"]
[SourceVersion "1"]
[SourceVersionDate "2003.09.25"]
[SourceQuality "1"]

1. d4 d5 2. c4 e6 3. Nf3 Nf6 4. g3 Be7 5. Bg2 0-0 6. 0-0 c6 7. Nc3 Nbd7 8. b3 b6 9. Nd2 b5 10. e4 dxc4 11. bxc4 bxc4 12. Nxc4 Ba6 13. Qa4 Qc8 14. Rd1 Nb6 15. Nxb6 axb6 16. Qb3 Rd8 17. Bg5 h6 18. Bxf6 gxf6 19. Rac1 Rb8 20. d5 c5 21. Bh3 c4 22. Qb2 Qc5 23. dxe6 Rxd1+ 24. Rxd1 Rd8 25. Rxd8+ Bxd8 26. Qd2 Qf8 27. exf7+ Kxf7 28. Qd5+ Kg7 29. Qa8 b5 30. Qxa6 b4 31. Nd5 c3 32. Qb7+ Qf7 33. Qxf7+ Kxf7 34. Nxb4 Ba5 35. Nc2 1-0

[Event "EU-ch 4th"]
[Site "Istanbul"]
[Date "2003.05.31"]
[Round "2"]
[White "Ipek, Ali"]
[Black "Svetushkin, Dmitry"]
[Result "0-1"]
[WhiteElo "2254"]
[BlackElo "2543"]
[PlyCount "120"]
[EventDate "2003.05.30"]
[EventType "swiss"]
[EventRounds "13"]
[EventCountry "TUR"]
[SourceTitle "CBM 096"]
[Source "ChessBase"]
[SourceDate "2003.09.25"]
[SourceVersion "1"]
[SourceVersionDate "2003.09.25"]
[SourceQuality "1"]

1. d4 Nf6 2. Nf3 g6 3. c3 b6 4. Bg5 Bg7 5. Nbd2 Bb7 6. e3 0-0 7. Bc4 d6 8. 0-0 Nbd7 9. Qe2 a6 10. h3 e5 11. dxe5 dxe5 12. e4 Qe8 13. Qe3 Nc5 14. Bxf6 Bxf6 15. Rfe1 Rd8 16. Rad1 a5 17. b3 Qe7 18. b4 axb4 19. cxb4 Ne6 20. Bxe6 Qxe6 21. a4 Rd7 22. Nb3 Rxd1 23. Rxd1 Qc4 24. Rc1 Qxb4 25. Rxc7 Bxe4 26. Nbd2 Bxf3 27. Qxf3 Bg7 28. Qe3 Qxa4 29. Qxb6 e4 30. Nf1 Bd4 31. Qc6 Qa5 32. Qc2 Qe1 33. Re7 Ra8 34. Qd2 Qxd2 35. Nxd2 Ra1+ 36. Kh2 Bxf2 37. Rxe4 f5 38. Re2 Bg1+ 39. Kg3 Ra2 40. Re8+ Kf7 41. Rd8 Bb6 42. Rd3 g5 43. Kf3 Ra4 44. Ke2 Ke6 45. Rb3 Bc5 46. Rd3 Ra2 47. Kf3 h5 48. Nb3 Bb6 49. Nd2 g4+ 50. hxg4 hxg4+ 51. Ke2 Ra4 52. Kf1 Ra1+ 53. Ke2 Ra2 54. Kf1 Ke5 55. Nc4+ Ke4 56. Rd2 Rxd2 57. Nxd2+ Kd3 58. Ke1 Bf2+ 59. Kd1 Bg3 60. Nf1 Be5 0-1

[Event "Saraybahce exh 5'"]
[Site "Kocaeli"]
[Date "2002.08.20"]
[Round "2"]
[White "Ivanchuk, Vassily"]
[Black "Ipek, Ali"]
[Result "1-0"]
[WhiteElo "2711"]
[BlackElo "2266"]
[PlyCount "85"]
[EventDate "2002.08.17"]
[EventType "match (blitz)"]
[EventRounds "4"]
[EventCountry "TUR"]
[SourceTitle "CBM 089 Extra"]
[Source "ChessBase"]
[SourceDate "2002.09.10"]
[SourceVersion "2"]
[SourceVersionDate "2002.09.10"]
[SourceQuality "1"]

1. e4 c5 2. Nf3 e6 3. c4 Nc6 4. Nc3 d6 5. d4 cxd4 6. Nxd4 Nf6 7. Be2 Be7 8. 0-0 0-0 9. Be3 Bd7 10. Rc1 Nxd4 11. Qxd4 Bc6 12. Rfd1 b6 13. f3 Rc8 14. Qd2 Nd7 15. Nb5 Bxb5 16. cxb5 Nf6 17. Rc6 d5 18. e5 Nd7 19. f4 Nc5 20. b4 Ne4 21. Qd4 Rxc6 22. bxc6 Qc7 23. Rc1 g6 24. a4 f6 25. Bd3 f5 26. h3 Bd8 27. Bxe4 fxe4 28. b5 Qe7 29. Qc3 Bc7 30. a5 g5 31. axb6 axb6 32. fxg5 Qg7 33. Bd4 Qxg5 34. Ra1 Rf3 35. Qb4 Rf7 36. Qb2 e3 37. Qe2 Bxe5 38. Ra8+ Kg7 39. Qg4 Rf5 40. Bxe5+ Rxe5 41. Qxg5+ Rxg5 42. c7 e2 43. Ra1 1-0

[Event "TUR-ch"]
[Site "Ankara"]
[Date "2002.07.26"]
[Round "5"]
[White "Kilicaslan, Hasan"]
[Black "Ipek, Ali"]
[Result "1/2-1/2"]
[WhiteElo "2260"]
[BlackElo "2266"]
[PlyCount "25"]
[EventDate "2002.07.24"]
[EventType "swiss"]
[EventRounds "11"]
[EventCountry "TUR"]
[SourceTitle "CBM 089 Extra"]
[Source "ChessBase"]
[SourceDate "2002.09.10"]
[SourceVersion "2"]
[SourceVersionDate "2002.09.10"]
[SourceQuality "1"]

1. d4 d5 2. Nf3 Nf6 3. c4 c6 4. e3 e6 5. Nc3 Nbd7 6. Qc2 Bd6 7. Be2 0-0 8. 0-0 dxc4 9. Bxc4 e5 10. Rd1 Qe7 11. h3 exd4 12. exd4 Qe3 13. fxe3 1/2-1/2

[Event "EU-ch 3rd"]
[Site "Batumi"]
[Date "2002.06.22"]
[Round "10"]
[White "Ipek, Ali"]
[Black "Haznedaroglu, Kivanc"]
[Result "1/2-1/2"]
[WhiteElo "2263"]
[BlackElo "2345"]
[PlyCount "34"]
[EventDate "2002.06.12"]
[EventType "swiss"]
[EventRounds "13"]
[EventCountry "GEO"]
[SourceTitle "CBM 090"]
[Source "ChessBase"]
[SourceDate "2002.09.20"]
[SourceVersion "1"]
[SourceVersionDate "2002.09.20"]
[SourceQuality "1"]

1. d4 d5 2. Nf3 Nf6 3. Bg5 Ne4 4. Bf4 c5 5. e3 Qb6 6. Nc3 e6 7. Nb5 Na6 8. a4 c4 9. Ne5 Be7 10. c3 0-0 11. Qc2 f5 12. f3 Nf6 13. Be2 Bd7 14. b3 cxb3 15. Qxb3 Qd8 16. 0-0 Nh5 17. Bd3 g5 1/2-1/2

[Event "EU-ch 3rd"]
[Site "Batumi"]
[Date "2002.06.18"]
[Round "7"]
[White "Ipek, Ali"]
[Black "Kinsiz, Onur"]
[Result "1-0"]
[WhiteElo "2263"]
[BlackElo "2158"]
[PlyCount "141"]
[EventDate "2002.06.12"]
[EventType "swiss"]
[EventRounds "13"]
[EventCountry "GEO"]
[SourceTitle "CBM 090"]
[Source "ChessBase"]
[SourceDate "2002.09.20"]
[SourceVersion "1"]
[SourceVersionDate "2002.09.20"]
[SourceQuality "1"]

1. d4 Nf6 2. Nf3 e6 3. Bg5 c5 4. e3 Be7 5. Nbd2 b6 6. Bd3 Bb7 7. 0-0 d6 8. c3 cxd4 9. exd4 Nbd7 10. Re1 0-0 11. h3 Re8 12. a4 a6 13. Nf1 Nf8 14. Ng3 Ng6 15. Bd2 Bc6 16. Ng5 Qc8 17. f3 Nd5 18. Nh5 Qd8 19. Qc1 Ra7 20. Ne4 f5 21. Ng5 Bxg5 22. Bxg5 Qc8 23. Qc2 Rf7 24. Re2 Nc7 25. c4 h6 26. Bd2 Qd8 27. Nf4 Nxf4 28. Bxf4 e5 29. d5 Bd7 30. Be3 a5 31. Bxb6 Qb8 32. Bf2 Na6 33. Qc3 Nb4 34. Bb1 Rc8 35. Rd2 Qb7 36. b3 Nxd5 37. Qxa5 Nf4 38. Rxd6 Qxb3 39. Ba2 Qb2 40. Qe1 Be6 41. Rd2 Qb8 42. Rb1 Qc7 43. c5 Bxa2 44. Rxa2 Nd3 45. Qe3 Nxf2 46. Kxf2 Qxc5 47. Qxc5 Rxc5 48. Rb8+ Kh7 49. Rb5 Rxb5 50. axb5 Rb7 51. Rb2 Kg6 52. Ke3 Kf6 53. Kd3 Ke6 54. Kc4 Rc7+ 55. Kb4 e4 56. f4 e3 57. Re2 Kd5 58. Rxe3 Rc4+ 59. Ka5 Rxf4 60. b6 Rf1 61. Re7 Ra1+ 62. Kb5 Rb1+ 63. Ka6 g5 64. Rh7 g4 65. hxg4 fxg4 66. Rxh6 Rb2 67. b7 Ra2+ 68. Kb6 Rxg2 69. Rh5+ Kc4 70. Rc5+ Kd4 71. b8Q 1-0

[Event "EU-ch 3rd"]
[Site "Batumi"]
[Date "2002.06.13"]
[Round "2"]
[White "Priehoda, Vitezslav"]
[Black "Ipek, Ali"]
[Result "1-0"]
[WhiteElo "2425"]
[BlackElo "2263"]
[PlyCount "102"]
[EventDate "2002.06.12"]
[EventType "swiss"]
[EventRounds "13"]
[EventCountry "GEO"]
[SourceTitle "CBM 090"]
[Source "ChessBase"]
[SourceDate "2002.09.20"]
[SourceVersion "1"]
[SourceVersionDate "2002.09.20"]
[SourceQuality "1"]

1. e4 c5 2. Nf3 e6 3. b3 d6 4. Bb2 Nf6 5. e5 dxe5 6. Nxe5 Nbd7 7. f4 Be7 8. Bd3 Qc7 9. Na3 a6 10. Qf3 0-0 11. Nac4 b5 12. Ne3 Bb7 13. Qg3 Nxe5 14. Bxe5 Qc6 15. 0-0 Rad8 16. Qh4 h6 17. Rf3 Rfe8 18. Rg3 Kf8 19. Ng4 c4 20. bxc4 bxc4 21. Bf1 Rxd2 22. Nxf6 Bxf6 23. Bxf6 gxf6 24. Qxf6 Qc5+ 25. Kh1 Qd4 26. Qxh6+ Ke7 27. c3 Qe4 28. f5 Rf2 29. fxe6 fxe6 30. Qg5+ Kd6 31. Re3 Ref8 32. Kg1 Qf4 33. Qxf4+ R8xf4 34. Re2 Rxe2 35. Bxe2 Bd5 36. g3 Rf8 37. Rb1 Kc5 38. h4 e5 39. g4 e4 40. h5 e3 41. Rf1 Rg8 42. Kh2 Be4 43. Kg3 Bd3 44. Re1 Rf8 45. g5 Rf5 46. g6 Bxe2 47. Rxe2 Rxh5 48. Kg4 Re5 49. g7 Re8 50. Kf5 Kd6 51. Kf6 Kd5 1-0

[Event "Balkan-ch"]
[Site "Istanbul"]
[Date "2001.11.25"]
[Round "9"]
[White "Ipek, Ali"]
[Black "Laciner, Kerem"]
[Result "1/2-1/2"]
[WhiteElo "2240"]
[BlackElo "2161"]
[PlyCount "70"]
[EventDate "2001.11.19"]
[EventType "swiss"]
[EventRounds "9"]
[EventCountry "TUR"]
[SourceTitle "CBM 085 Extra"]
[Source "ChessBase"]
[SourceDate "2002.01.21"]
[SourceVersion "1"]
[SourceVersionDate "2002.01.21"]
[SourceQuality "1"]

1. d4 d5 2. Nf3 c6 3. Bf4 Nf6 4. Nbd2 Bf5 5. e3 Nbd7 6. h3 h6 7. Bd3 Bxd3 8. cxd3 g6 9. 0-0 Bg7 10. Ne5 0-0 11. Qb3 Qb6 12. Qa3 Rfe8 13. Rac1 Bf8 14. Ndf3 Qb5 15. Rc3 e6 16. Qb3 Qa6 17. Rfc1 Rec8 18. a3 Nb6 19. Qd1 Na4 20. R3c2 Qb5 21. b3 Nb6 22. Ra2 a5 23. a4 Qb4 24. Rac2 Nbd7 25. g4 Qe7 26. g5 Nh5 27. Nxd7 Qxd7 28. Ne5 Qe7 29. Qg4 Nxf4 30. exf4 h5 31. Qe2 Bg7 32. Rc5 Qd6 33. Qd2 Bxe5 34. fxe5 Qd8 35. h4 Qb6 1/2-1/2

[Event "Balkan-ch"]
[Site "Istanbul"]
[Date "2001.11.21"]
[Round "4"]
[White "Haznedaroglu, Kivanc"]
[Black "Ipek, Ali"]
[Result "1/2-1/2"]
[WhiteElo "2328"]
[BlackElo "2240"]
[PlyCount "48"]
[EventDate "2001.11.19"]
[EventType "swiss"]
[EventRounds "9"]
[EventCountry "TUR"]
[SourceTitle "CBM 085 Extra"]
[Source "ChessBase"]
[SourceDate "2002.01.21"]
[SourceVersion "1"]
[SourceVersionDate "2002.01.21"]
[SourceQuality "1"]

1. e4 c5 2. Nf3 e6 3. d4 cxd4 4. Nxd4 a6 5. Nc3 Qc7 6. Bd3 Nf6 7. 0-0 Nc6 8. Be3 b5 9. Qe2 Bb7 10. a3 Be7 11. f4 d6 12. Nxc6 Bxc6 13. Bd4 e5 14. fxe5 dxe5 15. Be3 0-0 16. Kh1 Rad8 17. Rf5 g6 18. Rf2 Nh5 19. a4 b4 20. Nd5 Bxd5 21. exd5 a5 22. Bh6 Ng7 23. Bc4 Qd6 24. Re1 f6 1/2-1/2

[Event "Balkan-ch"]
[Site "Istanbul"]
[Date "2001.11.20"]
[Round "3"]
[White "Ipek, Ali"]
[Black "Kose, Serkan"]
[Result "1-0"]
[WhiteElo "2240"]
[BlackElo "2244"]
[PlyCount "79"]
[EventDate "2001.11.19"]
[EventType "swiss"]
[EventRounds "9"]
[EventCountry "TUR"]
[SourceTitle "CBM 085 Extra"]
[Source "ChessBase"]
[SourceDate "2002.01.21"]
[SourceVersion "1"]
[SourceVersionDate "2002.01.21"]
[SourceQuality "1"]

1. d4 e6 2. Nf3 d5 3. Bf4 Bd6 4. Bxd6 Qxd6 5. e3 Nf6 6. Nbd2 c5 7. c3 Nc6 8. Bb5 0-0 9. 0-0 Ne7 10. Ne5 a6 11. Bd3 b5 12. f4 Bb7 13. Qf3 Qc7 14. g4 Ng6 15. g5 Nd7 16. Qh5 b4 17. Rf3 f5 18. Nxg6 hxg6 19. Qxg6 Nf6 20. gxf6 Rxf6 21. Qg2 bxc3 22. bxc3 cxd4 23. cxd4 Qc3 24. Rb1 Bc6 25. Rb3 Qa5 26. Rg3 Rf7 27. Nf3 Bb5 28. Qd2 Qa4 29. Rg2 Rc7 30. h3 Rac8 31. Bxb5 axb5 32. Qb4 Qa6 33. Qxb5 Qd6 34. Kh2 Rc1 35. Rb1 R1c3 36. Rbg1 R3c7 37. Ng5 Re7 38. Qe2 e5 39. Qh5 g6 40. Nf3 1-0

[Event "Kavala op 10th"]
[Site "Kavala"]
[Date "2001.08.24"]
[Round "4"]
[White "Ipek, Ali"]
[Black "Nikolaidis, Konstantinos"]
[Result "1/2-1/2"]
[WhiteElo "2240"]
[BlackElo "2354"]
[PlyCount "54"]
[EventDate "2001.08.21"]
[EventType "swiss"]
[EventRounds "9"]
[EventCountry "GRE"]
[SourceTitle "EXT 2002"]
[Source "ChessBase"]
[SourceDate "2001.11.25"]
[SourceVersion "1"]
[SourceVersionDate "2001.11.25"]
[SourceQuality "1"]

1. d4 Nf6 2. Nf3 g6 3. c3 Bg7 4. Bg5 0-0 5. Nbd2 d6 6. e4 c5 7. dxc5 dxc5 8. Bc4 Nc6 9. Qe2 Na5 10. Bd3 Qc7 11. Nc4 Nc6 12. Ne3 e6 13. Bh4 Nh5 14. Bg3 Qe7 15. Rd1 Rd8 16. Bb5 Rxd1+ 17. Qxd1 Nxg3 18. hxg3 Bd7 19. Qc1 Ne5 20. Be2 Nxf3+ 21. gxf3 Bc6 22. Kf1 Rd8 23. Kg2 f5 24. exf5 exf5 25. Rd1 h5 26. Bc4+ Kh7 27. Bd5 Bxd5 1/2-1/2